| 000 | 00490nam a22001697a 4500 | ||
|---|---|---|---|
| 003 | SGT | ||
| 020 | _a812041599X | ||
| 082 | _a633.00954,SING | ||
| 100 | _aSINGH,CHHIDDA | ||
| 245 | _aMODERN TECHNIQUES OF RAISING FIELD CROPS | ||
| 250 | _a2ND | ||
| 260 |
_aNEW DELHI _bOXFORD & IBH _c2015 |
||
| 300 | _a583 | ||
| 650 | _aRAISING FIELD CROPS | ||
| 653 | _aCEREALS AND MILLETS, PULSE CROPS, OIL SEED CROPS, FIBER CROPS, FORAGE CROPS, SUGAR CROPS, MISCELLANEOUS CROPS | ||
| 942 |
_2ddc _cBK _068 |
||
| 999 |
_c9962 _d9962 |
||